Taylor Swift 113 - Statistics

General Stats
  • This quiz has been taken 7 times
  • The average score is 273 of 368
Answer Stats
Answer % Correct
a
100%
and
100%
be
100%
but
100%
from
100%
I
100%
is
100%
it
100%
it's
100%
me
100%
of
100%
on
100%
said
100%
that
100%
that's
100%
the
100%
who
100%
you
100%
your
100%
ain't
75%
anyway
75%
apartment
75%
at
75%
'cause
75%
Chelsea
75%
department
75%
Dylan
75%
else
75%
gonna
75%
hold
75%
Hotel
75%
idiots
75%
I'm
75%
in
75%
I've
75%
know
75%
left
75%
like
75%
loved
75%
mode
75%
modern
75%
my
75%
not
75%
off
75%
one
75%
Patti
75%
poets
75%
say
75%
seen
75%
self-sabotage
75%
show
75%
Smith
75%
so
75%
some
75%
straight
75%
then
75%
this
75%
Thomas
75%
to
75%
tortured
75%
two
75%
typewriter
75%
typewriters
75%
uses
75%
we
75%
we're
75%
where
75%
who's
75%
why
75%
with
75%
you're
75%
about
50%
artist
50%
asleep
50%
ate
50%
bars
50%
bigger
50%
Charlie
50%
chocolate
50%
closest
50%
come
50%
crazy
50%
declared
50%
decodes
50%
ever
50%
exploding
50%
face
50%
fall
50%
felt
50%
finger
50%
golden
50%
had
50%
head
50%
heart
50%
if
50%
Jack
50%
kill
50%
leave
50%
Lucy
50%
meant
50%
middle
50%
never
50%
nobody
50%
no-fucking-body
50%
people
50%
put
50%
Puth
50%
retriever
50%
ring
50%
rings
50%
scratch
50%
seven
50%
should
50%
smoked
50%
take
50%
tattooed
50%
tell
50%
things
50%
think
50%
told
50%
wedding
50%
you'd
50%
yourself
50%
awaken
25%
dinner
25%
down
25%
episode
25%
everyone
25%
laughed
25%
nails
25%
pounding
25%
read
25%
road
25%
screw
25%
sometimes
25%
spikes
25%
still
25%
throwing
25%
understands
25%
up
25%
wonder
25%
chose
0%
cyclone
0%
dread
0%
troll
0%
undone
0%
No matching quizzes found
Score Distribution
Percent of People with Each Score
Percentile by Number Answered
Your Score History
You have not taken this quiz